Statistiques concernant Présidents de la France

Cliquez ici pour prendre le quiz!

Statistiques générales

  • Ce quiz a été pris 95 fois
  • Le résultat moyen est 8 sur 8

Statistiques - réponses

HintRéponse% Correct
2017-Emmanuel Macron
100%
2012-2017François Hollande
100%
2007-2012Nicolas Sarkozy
100%
1959-1969Charles de Gaulle
99%
1995-2007Jacques Chirac
98%
1974-1981Valéry Giscard d'Estaing
95%
1981-1995François Mitterrand
94%
1969-1974Georges Pompidou
90%

Distribution des résultats

Percentile par nombre de réponses

% des personnes avec chaque résultat

Votre développement - résultats

Vous n’avez pas pris ce quiz